| 000 | 00898nam a22002417a 4500 | ||
|---|---|---|---|
| 082 |
_a624 _bPRO _cL-21, P-18 |
||
| 110 |
_aEngineering Div P.H.S & B.W.C _942269 |
||
| 245 |
_aProceedings of the institution of civil engineering / _cEngineering Div P.H.S & B.W.C |
||
| 260 |
_aLondon : _bThe institution of civil engfineers _c1952. |
||
| 300 |
_axxv, 449 p. : _bill . ; |
||
| 526 |
_a0 _b0 _c0 _d624_000000000000000_PRO |
||
| 526 |
_a0 _b0 _c0 _d624_000000000000000_PRO |
||
| 526 |
_a0 _b0 _c0 _d624_000000000000000_PRO |
||
| 526 |
_a0 _b0 _c0 _d624_000000000000000_PRO |
||
| 526 |
_a0 _b0 _c0 _d624_000000000000000_PRO |
||
| 526 |
_a0 _b0 _c0 _d624_000000000000000_PRO |
||
| 526 |
_a0 _b0 _c0 _d624_000000000000000_PRO |
||
| 526 |
_a0 _b0 _c0 _d624_000000000000000_PRO |
||
| 526 |
_a0 _b0 _c0 _d624_000000000000000_PRO |
||
| 526 |
_a0 _b0 _c0 _d624_000000000000000_PRO |
||
| 650 |
_aMCE _9379 |
||
| 942 |
_2ddc _cBK |
||
| 999 |
_c546183 _d546183 |
||